The Hardest Quiz - Statistics

General Stats
  • This quiz has been taken 22 times
  • The average score is 4 of 15
Answer Stats
Question Answer % Correct
the 50th letter of pi after decimal point 0
72%
the country west of china,north oftajikistan,east of uzbekistan kyrgyzstan
61%
is 2^136,279,841-1 a prime? yes
56%
flag without red/white/blue jamaica
44%
the 45 letters word (longest in most dictionary) starts with p
33%
joe has 149 sweet candies and 267 sourcandies.he eats 37 sweet candies and 121 sour candies.then he buys 27 sweet candies and 11 sour candies.now,joe has what? diabetes
28%
this is the _st/nd/rd/th quiz i post on jetpunk 3
22%
what is the 17th letter in the second line of text quiz-step 2?(space counts) o
22%
you know the rules? and so do i
11%
decode "ujhgtjl" thecode
11%
2^?=infinity? 1024
6%
what's windows call before it call windows? ms-dos
6%
the length of the answer of the 2nd+3rd+4st+5th question 32
0%
sum of every number answer question^8 5,698,326,229,535,551,945,703
0%
RGB code for pink #ffc0cb
0%
No matching quizzes found
Score Distribution
Percent of People with Each Score
Percentile by Number Answered
Your Score History
You have not taken this quiz